000 01249nam a2200229Ia 4500
001 L235-7702
003 IT-CnALBA
008 170116s9999||||xx |||||||||||||| ||und||
040 _aIT-CnALBA
_cIT-CnALBA
041 _aITALIANO
100 _aGIURLANI GIUSEPPE, SAC.
245 0 _aMARIA MAESTRA NOSTRA. NUOVO MAGGIO PREDICATO.
250 _a1a ed.
260 _aCINISELLO BALSAMO (MI)
_bEDIZIONI PAOLINE
_c1946 [1° Ed.:1946 - Ed.Ling.Originale: 1946]
300 _a333 p. (prefazione: 5)
500 _aDEVOZIONE A MARIA. PROFEZIE DELL'ANTICO TESTAMENTO SU MARIA. NATIVITÀ NOME DI MARIA IMMACOLATA. PRESENTAZIONE AL TEMPIO. SPOSALIZIO CON GIUSEPPE. ANNUNZIAZIONE. FIAT. VISITAZIONE. MAGNIFICAT. NASCITA DI GESÙ. MADRE DI DIO. PURIIFICAZIONE. FUGA IN EGITTO.
501 _aSocietà San Paolo EM - Piazza San Paolo, 14 - 12051 ALBA (CN) (non commercial uses only) ® Copyright 2017
520 _aDEVOZIONE A MARIA. PROFEZIE DELL'ANTICO TESTAMENTO SU MARIA. NATIVITÀ NOME DI MARIA IMMACOLATA. PRESENTAZIONE AL TEMPIO. SPOSALIZIO CON GIUSEPPE. ANNUNZIAZIONE. FIAT. VISITAZIONE. MAGNIFICAT. NASCITA DI GESÙ. MADRE DI DIO. PURIIFICAZIONE. FUGA IN EGITTO.
650 _aMARIA SS. ANGELI SANTI DEMONI
942 _cBK
957 _71
999 _a8678
_bSI
_g Copie: 1
_c266884
_d266884